|
|
|
|
| LEADER |
02265nam a2200637 a 4500 |
| 001 |
nkc20081804074 |
| 003 |
CZ PrNK |
| 005 |
20080911153940.0 |
| 007 |
ta |
| 008 |
080513s2008 xr e 000 1 cze |
| 015 |
|
|
|a cnb001804074
|
| 020 |
|
|
|a 978-80-7195-229-9
|q (váz.) :
|c Kč 109,00
|
| 035 |
|
|
|a (OCoLC)237193691
|
| 040 |
|
|
|a ABA001
|b cze
|d BOA001
|
| 072 |
|
7 |
|a 27-4
|x Praktická teologie. Morální teologie
|2 Konspekt
|9 5
|
| 080 |
|
|
|a 27-184.3
|2 MRF
|
| 080 |
|
|
|a 27-4
|2 MRF
|
| 080 |
|
|
|a 17.02
|2 MRF
|
| 080 |
|
|
|a 159.923.5
|2 MRF
|
| 080 |
|
|
|a 27
|2 MRF
|
| 080 |
|
|
|a 27-277.2
|2 MRF
|
| 080 |
|
|
|a 27-583
|2 MRF
|
| 080 |
|
|
|a (0:82-4)
|2 MRF
|
| 080 |
|
|
|a (0:82-84)
|2 MRF
|
| 100 |
1 |
|
|a Siostrzonek, Prokop,
|d 1957-
|7 jo2002160380
|4 aut
|
| 245 |
1 |
0 |
|a Ranní zamyšlení s Prokopem Siostrzonkem :
|b inspirace k dobrému začátku dne
|
| 260 |
|
|
|a Kostelní Vydří :
|b Karmelitánské nakladatelství,
|c 2008
|
| 300 |
|
|
|a 89 s. ;
|c 17 cm
|
| 490 |
1 |
|
|a Autor - téma ;
|v sv. 31
|
| 490 |
1 |
|
|a S
|
| 650 |
0 |
7 |
|a křesťanská víra
|7 ph122113
|2 czenas
|
| 650 |
0 |
7 |
|a křesťanský život
|7 ph122132
|2 czenas
|
| 650 |
0 |
7 |
|a životní moudrost
|7 ph128026
|2 czenas
|
| 650 |
0 |
7 |
|a pozitivní myšlení
|7 ph124475
|x křesťanské pojetí
|2 czenas
|
| 650 |
0 |
7 |
|a biblické citáty
|7 ph118853
|2 czenas
|
| 650 |
0 |
7 |
|a křesťanská meditace
|7 ph115060
|2 czenas
|
| 650 |
0 |
9 |
|a Christian faith
|2 eczenas
|
| 650 |
0 |
9 |
|a Christian life
|2 eczenas
|
| 650 |
0 |
9 |
|a life wisdom
|2 eczenas
|
| 650 |
0 |
9 |
|a positive thinking
|x Christian approach
|2 eczenas
|
| 650 |
0 |
9 |
|a Biblical quotations
|2 eczenas
|
| 650 |
0 |
9 |
|a Christian meditation
|2 eczenas
|
| 655 |
|
7 |
|a úvahy
|7 fd134000
|2 czenas
|
| 655 |
|
7 |
|a citáty
|7 fd131832
|2 czenas
|
| 655 |
|
7 |
|a aforismy
|7 fd131784
|2 czenas
|
| 655 |
|
9 |
|a essays
|2 eczenas
|
| 655 |
|
9 |
|a quotations
|2 eczenas
|
| 655 |
|
9 |
|a aphorisms
|2 eczenas
|
| 830 |
|
0 |
|a Autor - téma
|0 s
|
| 830 |
|
0 |
|a S (Karmelitánské nakladatelství)
|0 s
|
| 856 |
4 |
1 |
|u http://www.digitalniknihovna.cz/mzk/uuid/uuid:f5d0a610-c351-11e9-9209-005056827e51
|y Digitalizovaný dokument
|x NDK
|
| 910 |
2 |
|
|a BOA001
|b 1-1207.661
|
| 990 |
|
|
|a BK
|
| 995 |
|
|
|a 01
|
| 991 |
|
|
|b 200807
|c NOV
|
| 996 |
6 |
|
|b 2610346987
|c 1-1207.661
|l MZK
|r Sklad / do 1 hodiny
|n 9
|p p.v.
|w 001066730
|u 000010
|a 1
|e BOA001
|j MZK50
|s P
|